El conocimiento de la antijuricidad en la teoría del delito

Saved in:
Bibliografiske detaljer
Hovedforfatter: Córdoba Roda, Juan (Author)
Format: Bog
Sprog:spansk
Udgivet: Montevideo B de F 2013
Udgivelse:2a. ed
Serier:Maestros del Derecho Penal, 39
Fag:
Tags: Tilføj Tag
Ingen Tags, Vær først til at tagge denne postø!

MARC

LEADER 00000cam a2200000 a 4500
001 UCF6693
003 CL-VaPUC
008 130516e20130000UY |||||||||||||||||spa|d
020 |a 9789974676961 
082 0 4 |a 345.04  |b COR  |2 21 
100 0 |a Córdoba Roda, Juan  |e author  |9 568723 
245 1 3 |a El conocimiento de la antijuricidad en la teoría del delito 
250 |a 2a. ed 
300 |a 174 p 
942 |c BK 
945 |d 20130516 00:00:00  |a dcastane 
260 |a Montevideo  |b B de F  |c 2013 
650 0 |a Antijuridicidad  |9 368501 
650 7 |a DERECHO PENAL  |2 CL-VaPUC  |9 11 
650 7 |a CULPABILIDAD  |2 CL-VaPUC  |9 351694 
650 0 |a Delitos  |9 224143 
650 7 |a DOLO  |2 CL-VaPUC  |9 568724 
583 |a last modification  |c 20130516 09:57:00  |k Rodrigo Vera 
490 0 |a Maestros del Derecho Penal, 39 
999 |c 351832  |d 351830 
952 |0 0  |1 0  |4 0  |6 345_040000000000000_COR_2013  |7 0  |8 A  |9 456189  |a BIBDER  |b BIBDER  |d 2019-11-22  |i 4970470  |l 2  |o 345.04 COR 2013  |p 4970470  |r 2025-05-09  |s 2025-05-09  |w 2019-11-22  |y BK  |k DER